[Event "TOP 16 - Final A"]
[Site "TOP16-Final-A"]
[Date "2021.01.16"]
[Round "3"]
[White "Tander"]
[Black "jncool68"]
[Result "1/2-1/2"]
[WhiteElo "2007"]
[BlackElo "2301"]
[Annotator "NA RC"]
[PlyCount "90"]
[EventDate "2021.01.16"]
[EventType "blitz"]

1. e4 {[%emt 0:00:03]} e5 {[%emt 0:00:01]} 2. Nf3 {[%emt 0:00:01]} Nc6 {[%emt 0:00:01]} 3. Nc3 {[%emt 0:00:00]} Nf6 {[%emt 0:00:02]} 4. d4 {[%emt 0:00:00]} exd4 {[%emt 0:00:01]} 5. Nd5 {[%emt 0:00:00]} Be7 {[%emt 0:00:08]} 6. Nxd4 {[%emt 0:00:03]} Nxd5 {[%emt 0:00:07]} 7. exd5 {[%emt 0:00:01]} Nxd4 {[%emt 0:00:01]} 8. Qxd4 {[%emt 0:00:00]} O-O {[%emt 0:00:01]} 9. Be3 {[%emt 0:00:09]} Bf6 {[%emt 0:00:01]} 10. Qb4 {[%emt 0:00:03]} d6 {[%emt 0:00:05]} 11. O-O-O {[%emt 0:00:41]} a5 {[%emt 0:00:03]} 12. Qd2 {[%emt 0:00:05]} a4 {[%emt 0:00:02]} 13. a3 {[%emt 0:00:05]} Bd7 {[%emt 0:00:17]} 14. f3 {[%emt 0:00:35]} b5 {[%emt 0:00:01]} 15. Bd4 {[%emt 0:00:14]} Re8 {[%emt 0:00:13]} 16. g4 {[%emt 0:00:28]} Rb8 {[%emt 0:00:28] jncool68 reconnected.} 17. Qc3 {[%emt 0:00:45]} Bxd4 {[%emt 0:00:06]} 18. Rxd4 {[%emt 0:00:07]} Qf6 {[%emt 0:00:09]} 19. Bd3 {[%emt 0:00:22]} Rbc8 {[%emt 0:00:16]} 20. Kb1 {[%emt 0:00:19]} c5 {[%emt 0:00:02]} 21. dxc6 {[%emt 0:00:44] jncool68 reconnected.} Rxc6 {[%emt 0:00:46]} 22. Qb4 {[%emt 0:00:02]} Rc5 {[%emt 0:00:33]} 23. Be4 {[%emt 0:00:48]} Qe5 {[%emt 0:00:38]} 24. Rhd1 {[%emt 0:00:05]} Be6 {[%emt 0:00:19]} 25. Rxd6 {[%emt 0:00:17]} Bc4 {[%emt 0:00:22]} 26. Rd8 {[%emt 0:00:14]} Rc8 {[%emt 0:00:01]} 27. Rxc8 {[%emt 0:00:11]} Rxc8 {[%emt 0:00:01]} 28. Qd6 {[%emt 0:00:01]} Qg5 {[%emt 0:00:07]} 29. f4 {[%emt 0:00:21]} Qh4 {[%emt 0:00:01]} 30. g5 {[%emt 0:00:06]} g6 {[%emt 0:00:01]} 31. Bb7 {[%emt 0:00:40]} Rf8 {[%emt 0:00:13]} 32. Bd5 {[%emt 0:00:03]} Be2 {[%emt 0:00:04]} 33. Rd4 {[%emt 0:00:11]} Qe1+ {[%emt 0:00:06]} 34. Ka2 {[%emt 0:00:03]} Qf1 {[%emt 0:00:08]} 35. Qf6 {[%emt 0:00:10]} Bc4+ {[%emt 0:00:10]} 36. Bxc4 {[%emt 0:00:02]} bxc4 {[%emt 0:00:00]} 37. Rd8 {[%emt 0:00:07]} Rxd8 {[%emt 0:00:01]} 38. Qxd8+ {[%emt 0:00:01]} Kg7 {[%emt 0:00:00] jncool68 propose la nulle} 39. Qf6+ {[%emt 0:00:16]} Kg8 {[%emt 0:00:01]} 40. Qd8+ {[%emt 0:00:00]} Kg7 {[%emt 0:00:01]} 41. Qd4+ {[%emt 0:00:01]} Kg8 {[%emt 0:00:01]} 42. h4 {[%emt 0:00:06]} Qe2 {[%emt 0:00:03]} 43. Qd8+ {[%emt 0:00:02]} Kg7 {[%emt 0:00:01]} 44. Qd4+ {[%emt 0:00:00]} Kg8 {[%emt 0:00:00]} 45. Qd8+ {[%emt 0:00:20]} Kg7 {[%emt 0:00:01]} 1/2-1/2

[Event "TOP 16 - Final A"]
[Site "TOP16-Final-A"]
[Date "2021.01.16"]
[Round "3"]
[White "Nikame"]
[Black "Bagheri amir"]
[Result "1/2-1/2"]
[WhiteElo "1907"]
[BlackElo "2176"]
[Annotator "TA"]
[PlyCount "96"]
[EventDate "2021.01.16"]
[EventType "blitz"]
[BlackTeam "monaco"]

{[%evp 13,96,9,7,7,18,10,19,9,39,28,38,-12,55,-10,0,0,19,-29,-34,-42,-29,-22,0,-11,-10,-29,-18,-48,-42,-59,-6,-31,-18,-58,-32,-67,-25,-19,0,-49,0,-264,-276,-257,-249,-236,-226,-295,-275,-272,-272,-523,-519,-473,-398,-435,-395,-487,-467,-909,-809,-787,-751,-5918,-803,-762,0,0,0,-225,-219,-222,0,0,0,0,0,0,0,0,0,0,0,0,0]} 1. e4 c6 2. d4 d5 3. e5 Bf5 4. c3 e6 5. Be3 Qb6 6. Qb3 Nd7 7. Nd2 Ne7 8. f4 {B12: Caro-Kann: Advance Variation.} h5 9. Be2 $1 Bg4 10. Ngf3 Nf5 11. Bf2 Be7 12. O-O {[#]} g6 $146 (12... Nf8 $11) ({Predecessor:} 12... Qxb3 13. axb3 f6 14. b4 Kf7 15. Nb3 a6 16. Rfe1 Rag8 17. Bd3 Bxf3 18. Bxf5 Bg4 {1-0 (56) Gross,S (2420)-Schwalfenberg,J Kirchheim 1990}) 13. c4 ({White should try} 13. h3 $14) 13... dxc4 14. Qxc4 Qd8 ({Reject} 14... Qxb2 $6 15. Rab1 $16) 15. Qb3 Nb6 16. a4 Bxf3 17. Nxf3 Qd5 18. Qc2 {White wants to play a5.} a5 19. b3 Qd7 20. Rad1 Nd5 21. Qc1 Nb4 ({Black should play} 21... b5 $15) 22. Bc4 Rd8 23. g3 Nd5 24. Qd2 Bb4 25. Qd3 Be7 26. Nd2 Rb8 27. Qe2 $2 {[%mdl 8192]} (27. Ne4 $11 {and White is okay.}) 27... Nc3 $19 {[%mdl 64] [#] Double Attack} 28. Qf3 Nxd1 29. Rxd1 b5 30. Bd3 bxa4 ({Resist} 30... Nxd4 31. Qe3 $19) 31. bxa4 O-O 32. g4 $2 (32. Bxf5 exf5 33. Rc1) 32... hxg4 33. Qxg4 Kg7 34. Nf3 Rh8 35. Be4 Rb2 36. d5 (36. Bxf5 $142 exf5 37. Qg2) 36... cxd5 37. Bxf5 exf5 38. Bd4 {[#]} Bc5 $1 {[%mdl 512]} 39. Qg5 Qa7 $2 (39... Bxd4+ $19 40. Nxd4 Rbxh2 41. Qf6+ Kg8) 40. Qf6+ $11 Kg8 {Strongly threatening ...Bxd4+.} 41. e6 $2 (41. Qd8+ $11 {and White has nothing to worry.} Kh7 42. Ng5+ Kg7 43. Qf6+ Kg8 44. Qd8+ Kg7 45. Qf6+ Kg8 46. Qd8+ Kg7) 41... Bxd4+ $19 42. Rxd4 {intending Ng5.} fxe6 $2 ({Better is} 42... Qc7 $19 {( -> ...Qc1+)} 43. exf7+ Qxf7) 43. Ng5 $1 $11 {The position is equal.} Re2 {Hoping for ...Qg7.} 44. Qxg6+ Qg7 45. Qe8+ Qf8 46. Qg6+ Qg7 47. Qe8+ Qf8 48. Qg6+ Qg7 {Weighted Error Value: White=0.78/Black=0.53} 1/2-1/2

[Event "TOP 16 - Final A"]
[Site "TOP16-Final-A"]
[Date "2021.01.16"]
[Round "4"]
[White "Tigran1984"]
[Black "Amiralfio"]
[Result "1-0"]
[WhiteElo "2806"]
[BlackElo "1868"]
[Annotator "NA RC"]
[PlyCount "121"]
[EventDate "2021.01.16"]
[EventType "blitz"]

1. e4 {[%emt 0:00:03]} e5 {[%emt 0:00:03]} 2. Nf3 {[%emt 0:00:01]} Nc6 {[%emt 0:00:01]} 3. Bb5 {[%emt 0:00:00]} a6 {[%emt 0:00:01]} 4. Ba4 {[%emt 0:00:01]} Nf6 {[%emt 0:00:01]} 5. O-O {[%emt 0:00:01]} Bc5 {[%emt 0:00:01]} 6. d3 {[%emt 0:00:03]} b5 {[%emt 0:00:02]} 7. Bb3 {[%emt 0:00:01]} d6 {[%emt 0:00:02]} 8. c3 {[%emt 0:00:02]} O-O {[%emt 0:00:03]} 9. h3 {[%emt 0:00:01]} Bb7 {[%emt 0:00:02]} 10. Re1 {[%emt 0:00:07]} Bb6 {[%emt 0:00:14]} 11. Nbd2 {[%emt 0:00:08]} Re8 {[%emt 0:00:58]} 12. Ng5 {[%emt 0:00:13]} Re7 {[%emt 0:00:14]} 13. Nf1 {[%emt 0:00:06]} h6 {[%emt 0:00:09]} 14. Nf3 {[%emt 0:00:01]} d5 {[%emt 0:00:03]} 15. Ng3 {[%emt 0:00:16]} dxe4 {[%emt 0:00:04]} 16. dxe4 {[%emt 0:00:02]} Qxd1 {[%emt 0:00:57]} 17. Rxd1 {[%emt 0:00:01]} Rd7 {[%emt 0:00:08]} 18. Re1 {[%emt 0:00:28]} Re8 {[%emt 0:00:19]} 19. Bc2 {[%emt 0:00:33]} Na5 {[%emt 0:01:10]} 20. a4 {[%emt 0:00:05]} Nc4 {[%emt 0:00:02]} 21. axb5 {[%emt 0:00:32]} axb5 {[%emt 0:00:00]} 22. b3 {[%emt 0:00:08]} Nd6 {[%emt 0:00:10]} 23. Be3 {[%emt 0:00:01]} Bxe3 {[%emt 0:00:35]} 24. Rxe3 {[%emt 0:00:01]} Rde7 {[%emt 0:00:07]} 25. Ree1 {[%emt 0:00:53]} Nd7 {[%emt 0:00:18]} 26. Ra7 {[%emt 0:00:38]} Ra8 {[%emt 0:00:13]} 27. Rea1 {[%emt 0:00:06]} Rxa7 {[%emt 0:00:06]} 28. Rxa7 {[%emt 0:00:00]} Nc5 {[%emt 0:00:01]} 29. Nd2 {[%emt 0:00:17]} Re8 {[%emt 0:00:33]} 30. b4 {[%emt 0:00:01]} Ne6 {[%emt 0:00:10]} 31. Bb3 {[%emt 0:00:59]} Nf4 {[%emt 0:01:27]} 32. Nf5 {[%emt 0:00:04]} Nxe4 {[%emt 0:00:14]} 33. Rxb7 {[%emt 0:00:51]} Nxd2 {[%emt 0:00:01]} 34. Bc2 {[%emt 0:00:00]} g6 {[%emt 0:00:08]} 35. Nxh6+ {[%emt 0:00:09]} Kg7 {[%emt 0:00:01]} 36. Ng4 {[%emt 0:00:00]} Re7 {[%emt 0:00:02]} 37. Rxb5 {[%emt 0:00:05]} Ne2+ {[%emt 0:00:03]} 38. Kh2 {[%emt 0:00:01]} Nxc3 {[%emt 0:00:07]} 39. Rxe5 {[%emt 0:00:01]} Rxe5 {[%emt 0:00:03]} 40. Nxe5 {[%emt 0:00:00]} Na2 {[%emt 0:00:03]} 41. Nc6 {[%emt 0:00:09]} Kf6 {[%emt 0:00:04]} 42. f4 {[%emt 0:00:04]} Nc3 {[%emt 0:00:01]} 43. g3 {[%emt 0:00:16]} Nc4 {[%emt 0:00:04]} 44. Bd3 {[%emt 0:00:12]} Nb6 {[%emt 0:00:03]} 45. Kg2 {[%emt 0:00:05]} Nbd5 {[%emt 0:00:01]} 46. Kf2 {[%emt 0:00:02]} Na2 {[%emt 0:00:03]} 47. b5 {[%emt 0:00:03]} Nac3 {[%emt 0:00:02]} 48. Kf3 {[%emt 0:00:06]} Ke6 {[%emt 0:00:05]} 49. Bc4 {[%emt 0:00:03]} Kd6 {[%emt 0:00:04]} 50. Ne5 {[%emt 0:00:01]} Nb6 {[%emt 0:00:05]} 51. Bxf7 {[%emt 0:00:05]} Nxb5 {[%emt 0:00:01]} 52. Bxg6 {[%emt 0:00:01]} Nd4+ {[%emt 0:00:01]} 53. Ke4 {[%emt 0:00:02]} Ne6 {[%emt 0:00:03]} 54. h4 {[%emt 0:00:01]} c5 {[%emt 0:00:01]} 55. h5 {[%emt 0:00:02]} c4 {[%emt 0:00:02]} 56. h6 {[%emt 0:00:01]} Nf8 {[%emt 0:00:01]} 57. h7 {[%emt 0:00:05]} Nxh7 {[%emt 0:00:04]} 58. Bxh7 {[%emt 0:00:00]} Kc5 {[%emt 0:00:03]} 59. Bg8 {[%emt 0:00:07]} c3 {[%emt 0:00:03]} 60. Nd3+ {[%emt 0:00:02]} Kd6 {[%emt 0:00:04]} 61. Bb3 {[%emt 0:00:01] Amiralfio resigns (Lag: Av=0.32s, max=0.8s)} 1-0

[Event "TOP 16 - Final A"]
[Site "TOP16-Final-A"]
[Date "2021.01.16"]
[Round "4"]
[White "ProfTerrieux"]
[Black "Pastouche06"]
[Result "1/2-1/2"]
[WhiteElo "2383"]
[BlackElo "2180"]
[Annotator "NA RC"]
[PlyCount "40"]
[EventDate "2021.01.16"]
[EventType "blitz"]

1. d4 {[%emt 0:00:05]} Nf6 {[%emt 0:00:03]} 2. Nc3 {[%emt 0:00:02]} d5 {[%emt 0:00:03]} 3. Bf4 {[%emt 0:00:01]} c5 {[%emt 0:00:08]} 4. e3 {[%emt 0:00:01]} cxd4 {[%emt 0:00:02]} 5. exd4 {[%emt 0:00:01]} a6 {[%emt 0:00:01]} 6. Nf3 {[%emt 0:00:03]} Nc6 {[%emt 0:00:05]} 7. Ne5 {[%emt 0:00:13]} Bd7 {[%emt 0:00:11]} 8. g3 {[%emt 0:00:14]} e6 {[%emt 0:00:11]} 9. Bg2 {[%emt 0:00:01]} Qb6 {[%emt 0:00:52]} 10. Nxc6 {[%emt 0:00:14]} Bxc6 {[%emt 0:00:07]} 11. Rb1 {[%emt 0:00:06]} Be7 {[%emt 0:00:53]} 12. O-O {[%emt 0:00:03]} O-O {[%emt 0:00:01]} 13. Re1 {[%emt 0:01:41]} Rfc8 {[%emt 0:00:33]} 14. Re3 {[%emt 0:00:02]} Bf8 {[%emt 0:01:20]} 15. g4 {[%emt 0:01:38]} g6 {[%emt 0:00:31]} 16. g5 {[%emt 0:00:02]} Nh5 {[%emt 0:00:37]} 17. Be5 {[%emt 0:00:05]} Qd8 {[%emt 0:00:27]} 18. h4 {[%emt 0:01:00]} h6 {[%emt 0:00:21]} 19. Qg4 {[%emt 0:00:23]} Ng7 {[%emt 0:00:33]} 20. Bf6 {[%emt 0:01:17]} h5 {[%emt 0:00:17] Pastouche06 propose la nulle (Lag: Av=0.73s, max=1.0s)} 1/2-1/2

[Event "TOP 16 - Final A"]
[Site "TOP16-Final-A"]
[Date "2021.01.16"]
[Round "4"]
[White "Adrien Demuth"]
[Black "Yvesandre2"]
[Result "1-0"]
[WhiteElo "2377"]
[BlackElo "2278"]
[Annotator "TA"]
[PlyCount "73"]
[EventDate "2021.01.16"]
[EventType "blitz"]

{[%evp 15,73,12,14,0,57,14,26,26,26,33,28,22,43,-2,235,232,231,244,283,254,304,260,268,258,268,264,258,221,209,204,189,163,204,164,375,375,414,416,410,402,399,403,400,312,293,304,399,399,424,423,416,406,447,445,528,527,551,546,548,513]} 1. Nf3 Nf6 2. b3 g6 3. g3 Bg7 4. Bb2 d5 5. c4 dxc4 6. bxc4 c5 7. Bg2 O-O 8. O-O Nc6 9. Nc3 {[%cal Bb1c3,Bc3a4,Ba4c5][%mdl 32] A05: Réti Opening: 1 Nf3 Nf6.} Qa5 {[#]} (9... Bg4 $11) 10. Qa4 $146 ({Predecessor:} 10. Rb1 Be6 11. d3 Rad8 12. Qb3 Qb4 13. Qc2 Qa5 14. Ba1 b6 15. Nb5 Nb4 16. Qb3 Qxb5 {1-0 (40) Hallerod,R (2086)-Bennett,P (2021) Sibenik 2014}) 10... Ne8 11. Qxa5 {White has an edge.} Nxa5 12. d3 Nd6 13. Rab1 Nc6 14. Na4 Nd4 $2 (14... b6 $11) 15. Nxd4 $18 ({Not} 15. Nxc5 Nxe2+ 16. Kh1 Nc3 $14) 15... cxd4 {[#]} 16. Ba3 $1 Bg4 17. Rb2 Rab8 18. h3 Bd7 19. Nc5 {[%csl LRb7,LRd7][%mdl 64] Double Attack} Bc6 20. Rfb1 {[#] Strongly threatening Bxc6.} Rfc8 21. Bxc6 Rxc6 22. Nxb7 Ra6 23. Bc5 Bf6 24. a3 Rc6 $2 (24... Ne8 {keeps fighting.} 25. Rb3 e5) 25. Bxa7 Ra8 26. Nxd6 {Threatens to win with Rb8+.} Rxa7 27. Rb8+ Kg7 28. Ne8+ Kh6 29. Nxf6 Rxf6 {[%mdl 4096] Endgame KRR-KRR} 30. R8b7 Rxa3 31. Rxe7 Ra5 32. Rbb7 Kg7 33. Rbd7 Raf5 34. f3 {White is clearly winning.} Ra6 35. Rxd4 Ra2 36. Rdd7 h5 37. h4 {White took control after the opening.  Weighted Error Value: White=0.14/Black=0.49} 1-0

[Event "TOP 16 - Final A"]
[Site "TOP16-Final-A"]
[Date "2021.01.16"]
[Round "4"]
[White "jncool68"]
[Black "Christian Bauer"]
[Result "0-1"]
[WhiteElo "2289"]
[BlackElo "2438"]
[Annotator "NA RC"]
[PlyCount "65"]
[EventDate "2021.01.16"]
[EventType "blitz"]

1. e4 {[%emt 0:00:04]} Nf6 {[%emt 0:00:01]} 2. e5 {[%emt 0:00:01]} Nd5 {[%emt 0:00:01]} 3. d4 {[%emt 0:00:01]} d6 {[%emt 0:00:01]} 4. c4 {[%emt 0:00:01]} Nb6 {[%emt 0:00:01]} 5. exd6 {[%emt 0:00:00]} cxd6 {[%emt 0:00:01]} 6. Nc3 {[%emt 0:00:01]} g6 {[%emt 0:00:01]} 7. a4 {[%emt 0:00:01]} Bg7 {[%emt 0:00:13]} 8. a5 {[%emt 0:00:01]} N6d7 {[%emt 0:00:01]} 9. Ra3 {[%emt 0:00:00]} O-O {[%emt 0:00:10]} 10. Nf3 {[%emt 0:00:02]} Nf6 {[%emt 0:00:37]} 11. Be2 {[%emt 0:00:01]} d5 {[%emt 0:00:01]} 12. c5 {[%emt 0:00:14]} a6 {[%emt 0:00:12]} 13. Na4 {[%emt 0:00:20]} Qxa5+ {[%emt 0:00:19]} 14. Bd2 {[%emt 0:00:01]} Qd8 {[%emt 0:00:10]} 15. Nb6 {[%emt 0:00:02]} Ra7 {[%emt 0:00:01]} 16. b4 {[%emt 0:00:10]} Nc6 {[%emt 0:00:02]} 17. Bc3 {[%emt 0:00:15]} Ne4 {[%emt 0:00:03]} 18. Qa1 {[%emt 0:00:47]} Bg4 {[%emt 0:00:23]} 19. Bb2 {[%emt 0:00:11]} Nxb4 {[%emt 0:00:07]} 20. Qc1 {[%emt 0:00:09]} Nc6 {[%emt 0:00:16]} 21. O-O {[%emt 0:00:04]} Bxf3 {[%emt 0:00:11]} 22. Bxf3 {[%emt 0:00:00]} Nxd4 {[%emt 0:00:05]} 23. Bxd4 {[%emt 0:00:02]} Bxd4 {[%emt 0:00:02]} 24. Bxe4 {[%emt 0:00:07]} dxe4 {[%emt 0:00:01]} 25. Qc4 {[%emt 0:00:10]} e5 {[%emt 0:00:08]} 26. Rh3 {[%emt 0:00:19]} Kg7 {[%emt 0:00:23]} 27. Re1 {[%emt 0:00:08]} Qf6 {[%emt 0:01:06] jncool68 reconnected.} 28. Re2 {[%emt 0:00:07]} Qf5 {[%emt 0:00:31]} 29. Nd5 {[%emt 0:00:10]} a5 {[%emt 0:00:33]} 30. Qc1 {[%emt 0:00:04]} h5 {[%emt 0:00:02]} 31. Ne7 {[%emt 0:00:05]} Qf4 {[%emt 0:00:31]} 32. Qxf4 {[%emt 0:00:02]} exf4 {[%emt 0:00:01]} 33. Rxe4 {[%emt 0:00:00] jncool68 abandonne (Lag: Av=0.92s, max=1.3s)} 0-1

[Event "TOP 16 - Final A"]
[Site "TOP16-Final-A"]
[Date "2021.01.16"]
[Round "4"]
[White "sFeller"]
[Black "SebyFischer57"]
[Result "1/2-1/2"]
[WhiteElo "2164"]
[BlackElo "2064"]
[Annotator "NA RC"]
[PlyCount "193"]
[EventDate "2021.01.16"]
[EventType "blitz"]

1. e4 {[%emt 0:00:22]} g6 {[%emt 0:00:05]} 2. d4 {[%emt 0:00:02]} Bg7 {[%emt 0:00:01] sFeller reconnected.} 3. c4 {[%emt 0:00:11] sFeller reconnected.} Nc6 {[%emt 0:00:02] sFeller reconnected.} 4. Ne2 {[%emt 0:00:43]} e5 {[%emt 0:00:22]} 5. d5 {[%emt 0:00:33]} Nd4 {[%emt 0:00:07]} 6. Nxd4 {[%emt 0:00:03]} exd4 {[%emt 0:00:00]} 7. Bd3 {[%emt 0:00:01]} c5 {[%emt 0:00:02]} 8. O-O {[%emt 0:00:11]} d6 {[%emt 0:00:03]} 9. Nd2 {[%emt 0:00:03]} Nf6 {[%emt 0:00:29]} 10. f4 {[%emt 0:00:08]} O-O {[%emt 0:00:26]} 11. Nf3 {[%emt 0:00:01]} Re8 {[%emt 0:01:05]} 12. Re1 {[%emt 0:00:01]} Bg4 {[%emt 0:00:01]} 13. h3 {[%emt 0:00:04]} Bxf3 {[%emt 0:00:18]} 14. Qxf3 {[%emt 0:00:00]} Nd7 {[%emt 0:00:06]} 15. Bd2 {[%emt 0:00:02]} Qh4 {[%emt 0:00:50] sFeller reconnected.} 16. Qg4 {[%emt 0:00:53]} Qxg4 {[%emt 0:00:24]} 17. hxg4 {[%emt 0:00:00]} h6 {[%emt 0:00:01]} 18. Kf2 {[%emt 0:00:04]} Bf6 {[%emt 0:00:11]} 19. g3 {[%emt 0:00:03]} Kg7 {[%emt 0:00:26]} 20. Kf3 {[%emt 0:00:03]} g5 {[%emt 0:00:20]} 21. Rh1 {[%emt 0:00:12]} Be7 {[%emt 0:00:29]} 22. Rh2 {[%emt 0:00:35]} f6 {[%emt 0:00:06]} 23. Re1 {[%emt 0:00:19]} a6 {[%emt 0:00:18]} 24. Rhe2 {[%emt 0:00:14]} Bd8 {[%emt 0:00:41]} 25. b3 {[%emt 0:00:06]} Bc7 {[%emt 0:00:06]} 26. a3 {[%emt 0:00:01]} Reb8 {[%emt 0:00:58]} 27. Ra1 {[%emt 0:00:32]} a5 {[%emt 0:00:18]} 28. Kf2 {[%emt 0:00:16]} Ra7 {[%emt 0:00:07]} 29. Ke1 {[%emt 0:00:04]} Rba8 {[%emt 0:00:01]} 30. Kd1 {[%emt 0:00:02]} b6 {[%emt 0:00:02]} 31. Kc2 {[%emt 0:00:10]} Nf8 {[%emt 0:00:01]} 32. Rf1 {[%emt 0:00:12]} Ng6 {[%emt 0:00:02]} 33. Kb2 {[%emt 0:00:02]} Rb8 {[%emt 0:00:05]} 34. Ref2 {[%emt 0:00:02]} Rf8 {[%emt 0:00:05]} 35. Kc2 {[%emt 0:00:21]} Bb8 {[%emt 0:00:02]} 36. Kb2 {[%emt 0:00:20]} Rff7 {[%emt 0:00:04]} 37. b4 {[%emt 0:00:02]} axb4 {[%emt 0:00:01]} 38. axb4 {[%emt 0:00:00]} Ra8 {[%emt 0:00:04]} 39. Ra1 {[%emt 0:00:02]} Rfa7 {[%emt 0:00:01]} 40. Rxa7+ {[%emt 0:00:02]} Rxa7 {[%emt 0:00:00]} 41. Bc2 {[%emt 0:00:03]} Bc7 {[%emt 0:00:05]} 42. Rf3 {[%emt 0:00:05]} Ne7 {[%emt 0:00:07]} 43. Ra3 {[%emt 0:00:03]} Rxa3 {[%emt 0:00:02]} 44. Kxa3 {[%emt 0:00:00]} Kf8 {[%emt 0:00:02]} 45. Ka4 {[%emt 0:00:01]} Ke8 {[%emt 0:00:01]} 46. Kb5 {[%emt 0:00:01]} Kd7 {[%emt 0:00:01]} 47. Ka6 {[%emt 0:00:02]} Bd8 {[%emt 0:00:02]} 48. Kb7 {[%emt 0:00:02]} Bc7 {[%emt 0:00:01]} 49. Ba4+ {[%emt 0:00:02]} Kd8 {[%emt 0:00:01]} 50. Bc6 {[%emt 0:00:06]} Ng6 {[%emt 0:00:01]} 51. Ba4 {[%emt 0:00:11]} Ne7 {[%emt 0:00:01]} 52. Bc6 {[%emt 0:00:18]} Ng6 {[%emt 0:00:01]} 53. Bb5 {[%emt 0:00:01]} Ne7 {[%emt 0:00:01]} 54. Ba4 {[%emt 0:00:01]} Ng6 {[%emt 0:00:02]} 55. bxc5 {[%emt 0:00:01]} bxc5 {[%emt 0:00:02]} 56. Bc2 {[%emt 0:00:07]} Ne7 {[%emt 0:00:05]} 57. Bd3 {[%emt 0:00:01]} Kd7 {[%emt 0:00:01]} 58. Bc1 {[%emt 0:00:15]} Ba5 {[%emt 0:00:05]} 59. Bc2 {[%emt 0:00:19]} Bc7 {[%emt 0:00:22]} 60. Bd2 {[%emt 0:00:01]} Kd8 {[%emt 0:00:05]} 61. Ka6 {[%emt 0:00:02]} Kd7 {[%emt 0:00:01]} 62. Kb5 {[%emt 0:00:00]} Kd8 {[%emt 0:00:01]} 63. Ka4 {[%emt 0:00:01]} Kd7 {[%emt 0:00:01]} 64. Kb3 {[%emt 0:00:01]} Kd8 {[%emt 0:00:04]} 65. Kb2 {[%emt 0:00:01]} Kd7 {[%emt 0:00:06]} 66. Kc1 {[%emt 0:00:01]} Kd8 {[%emt 0:00:01]} 67. Kd1 {[%emt 0:00:01]} Kd7 {[%emt 0:00:01]} 68. Ke2 {[%emt 0:00:01]} Nc8 {[%emt 0:00:07]} 69. Ba4+ {[%emt 0:00:02]} Kd8 {[%emt 0:00:01]} 70. Kd3 {[%emt 0:00:01]} Ne7 {[%emt 0:00:03]} 71. Bb3 {[%emt 0:00:02]} Nc8 {[%emt 0:00:01]} 72. Bd1 {[%emt 0:00:14]} Ne7 {[%emt 0:00:03]} 73. Bc2 {[%emt 0:00:10]} Nc8 {[%emt 0:00:01]} 74. Ba4 {[%emt 0:00:02]} Ne7 {[%emt 0:00:02]} 75. Bb5 {[%emt 0:00:01]} Nc8 {[%emt 0:00:01]} 76. Ba6 {[%emt 0:00:07]} Ne7 {[%emt 0:00:02]} 77. Ke2 {[%emt 0:00:13]} Kd7 {[%emt 0:00:02]} 78. Kf3 {[%emt 0:00:01]} Kd8 {[%emt 0:00:04]} 79. f5 {[%emt 0:00:03]} Nc8 {[%emt 0:00:14]} 80. Ke2 {[%emt 0:00:03]} Ne7 {[%emt 0:00:03]} 81. Kd3 {[%emt 0:00:01]} Kd7 {[%emt 0:00:03]} 82. Be1 {[%emt 0:00:05]} Nc8 {[%emt 0:00:02]} 83. Bd2 {[%emt 0:00:04]} Nb6 {[%emt 0:00:01]} 84. Bc1 {[%emt 0:00:02]} Kd8 {[%emt 0:00:02]} 85. Ba3 {[%emt 0:00:02]} Kd7 {[%emt 0:00:01]} 86. Bb5+ {[%emt 0:00:04]} Kd8 {[%emt 0:00:01]} 87. e5 {[%emt 0:00:05]} fxe5 {[%emt 0:00:10]} 88. f6 {[%emt 0:00:00]} Nd7 {[%emt 0:00:01]} 89. f7 {[%emt 0:00:01]} Nf8 {[%emt 0:00:02]} 90. Ke4 {[%emt 0:00:07]} Ke7 {[%emt 0:00:01]} 91. Be8 {[%emt 0:00:01]} Kf6 {[%emt 0:00:01]} 92. Bc1 {[%emt 0:00:02]} Ng6 {[%emt 0:00:09]} 93. Bd2 {[%emt 0:00:03]} Nf8 {[%emt 0:00:01]} 94. Be1 {[%emt 0:00:01]} Ng6 {[%emt 0:00:04]} 95. Bd2 {[%emt 0:00:01]} Nf8 {[%emt 0:00:01]} 96. Be1 {[%emt 0:00:01]} Ng6 {[%emt 0:00:01]} 97. Bd2 {[%emt 0:00:01] Threefold Rep Threefold Rep} 1/2-1/2

[Event "TOP 16 - Final A"]
[Site "TOP16-Final-A"]
[Date "2021.01.16"]
[Round "4"]
[White "Bagheri amir"]
[Black "Burrito2001"]
[Result "0-1"]
[WhiteElo "2154"]
[BlackElo "2105"]
[Annotator "NA RC"]
[PlyCount "28"]
[EventDate "2021.01.16"]
[EventType "blitz"]
[WhiteTeam "monaco"]

{Bagheri, Amir} 1. d4 {[%emt 0:00:05]} d5 {[%emt 0:00:02]} 2. Nf3 {[%emt 0:00:01]} Nf6 {[%emt 0:00:01]} 3. Bf4 {[%emt 0:00:01]} c5 {[%emt 0:00:06]} 4. c3 {[%emt 0:00:09]} Nc6 {[%emt 0:00:25]} 5. dxc5 {[%emt 0:00:03]} a5 {[%emt 0:00:05]} 6. Nbd2 {[%emt 0:00:04]} e6 {[%emt 0:00:04]} 7. e3 {[%emt 0:00:19]} Bxc5 {[%emt 0:00:02]} 8. Bd3 {[%emt 0:00:25]} Qe7 {[%emt 0:00:56]} 9. Bg5 {[%emt 0:01:35]} h6 {[%emt 0:00:57]} 10. Bh4 {[%emt 0:00:02]} g5 {[%emt 0:01:26]} 11. Bg3 {[%emt 0:00:02]} Nh5 {[%emt 0:00:02]} 12. e4 {[%emt 0:00:31]} f5 {[%emt 0:00:30]} 13. Be5 {[%emt 0:00:36]} O-O {[%emt 0:01:02]} 14. Nd4 {[%emt 0:01:13]} Nxe5 {[%emt 0:00:06] Bagheri amir resigns} 0-1

[Event "TOP 16 - Final A"]
[Site "TOP16-Final-A"]
[Date "2021.01.16"]
[Round "4"]
[White "Pierre35"]
[Black "Harut-1998"]
[Result "1/2-1/2"]
[WhiteElo "2074"]
[BlackElo "2281"]
[Annotator "NA RC"]
[PlyCount "54"]
[EventDate "2021.01.16"]
[EventType "blitz"]
[BlackTeam "Nice Alekhine "]

{- Haroutyun , Barseghyan (2471)} 1. e4 {[%emt 0:00:07]} e6 {[%emt 0:00:02]} 2. d4 {[%emt 0:00:02]} d5 {[%emt 0:00:01]} 3. Nd2 {[%emt 0:00:02]} h6 {[%emt 0:00:01]} 4. Ngf3 {[%emt 0:00:03]} Nf6 {[%emt 0:00:02]} 5. Bd3 {[%emt 0:00:10]} c5 {[%emt 0:00:04]} 6. e5 {[%emt 0:00:02]} Nfd7 {[%emt 0:00:02]} 7. c3 {[%emt 0:00:01]} Nc6 {[%emt 0:00:02]} 8. O-O {[%emt 0:00:02]} g5 {[%emt 0:00:02]} 9. dxc5 {[%emt 0:00:05]} Bxc5 {[%emt 0:00:03]} 10. b4 {[%emt 0:00:37]} Bb6 {[%emt 0:00:04]} 11. Bb5 {[%emt 0:00:59]} g4 {[%emt 0:00:06]} 12. Nd4 {[%emt 0:00:32]} Nxd4 {[%emt 0:00:07]} 13. cxd4 {[%emt 0:00:02]} Bxd4 {[%emt 0:00:00]} 14. Rb1 {[%emt 0:00:50]} a6 {[%emt 0:00:47]} 15. Bxd7+ {[%emt 0:00:03]} Bxd7 {[%emt 0:00:08]} 16. Nc4 {[%emt 0:01:07]} dxc4 {[%emt 0:00:08]} 17. Qxd4 {[%emt 0:00:02]} Bc6 {[%emt 0:00:22]} 18. Qxg4 {[%emt 0:00:30]} Qd3 {[%emt 0:00:15]} 19. Be3 {[%emt 0:00:55]} O-O-O {[%emt 0:00:04]} 20. Rbd1 {[%emt 0:00:16]} Rhg8 {[%emt 0:00:29]} 21. Rxd3 {[%emt 0:00:11]} Rxg4 {[%emt 0:00:03]} 22. Rxd8+ {[%emt 0:00:05]} Kxd8 {[%emt 0:00:02]} 23. f3 {[%emt 0:00:03]} Rg6 {[%emt 0:01:11]} 24. h4 {[%emt 0:00:01]} h5 {[%emt 0:00:09]} 25. Bg5+ {[%emt 0:00:01]} Kc7 {[%emt 0:00:04]} 26. g4 {[%emt 0:00:01]} hxg4 {[%emt 0:00:10]} 27. fxg4 {[%emt 0:00:00] Harut-1998 offers a draw} Rg7 {[%emt 0:00:04]} 1/2-1/2